Dovoz a vývoz tovaru a daň z pridanej hodnoty

Tovar podliehajúci dani pri dovoze. Základ dane a výpočet dane pri dovoze tovaru. Príklad výpočtu. Splatnosť dane a spôsob platenia dane.

Guardado en:
Detalles Bibliográficos
Autor principal: Jablonková, Zdenka
Formato: Capítulo de libro
Lenguaje:eslovaco
Materias:
Etiquetas: Agregar Etiqueta
Sin Etiquetas, Sea el primero en etiquetar este registro!

MARC

LEADER 00000naa a2200000 4500
001 r042229
005 20230801095842.6
041 0 |a slo 
044 |a SK 
245 1 0 |a Dovoz a vývoz tovaru a daň z pridanej hodnoty  |c Zdenka Jablonková 
520 |a Tovar podliehajúci dani pri dovoze. Základ dane a výpočet dane pri dovoze tovaru. Príklad výpočtu. Splatnosť dane a spôsob platenia dane. 
610 2 0 |a dane z hodnoty pridanej 
610 2 0 |a dovoz 
610 2 0 |a vývoz 
610 2 0 |a tovar 
610 2 0 |a úpravy právne 
610 2 0 |a Slovensko 
100 1 |a Jablonková, Zdenka